• 首页
  • 本馆介绍
  • 公告通知
  • 最新文献
  • 馆藏检索
  • 电子资源
  • 读者导购
  • 参考咨询
  • 我的图书馆
  • 登录
  • 详细信息显示
  • 放入我的书架
  • 预约/预借图书
  • 作者相关作品
  • 分类相关作品
  • 丛书相关作品
  • 出版社相关作品

书目信息

  • 表格格式
  • 工作单格式
  • 卡片格式
题名:
科技档案工作体系研究
    
 
作者: 张斌, 著
分册:  
出版信息: 北京   光明日报出版社  2021.12
页数: 262页
开本: 24cm
丛书名: 博士生导师学术文库
单 册:
中图分类: G275.3
科图分类:
主题词: 技术档案--ji shu dang an--档案管理--研究
电子资源:
ISBN: 978-7-5194-6278-9
000 01326nam 2200301 450
001 012001002049
005 20140202104159.0
010    @a978-7-5194-6278-9@b精装@dCNY95.00
099    @aCAL 012022025824
100    @a20220905d2021 em y0chiy50 ea
101 0  @achi
102    @aCN@b110000
105    @aak a 000yy
106    @ar
200 1  @a科技档案工作体系研究@Ake ji dang an gong zuo ti xi yan jiu@f张斌等著
210    @a北京@c光明日报出版社@d2021.12
215    @a262页@c图@d24cm
225 2  @a博士生导师学术文库@Abo shi sheng dao shi xue shu wen ku
300    @a本书受到中国人民大学2021年度“中央高校建设世界一流大学 (学科) 和特色发展引导专项资金”支持
314    @a张斌, 男, 1967年3月生, 管理学博士, 中国人民大学信息资源管理学院教授, 博士生导师。
320    @a有书目 (第250-260页)
330    @a本书从创建期、恢复整顿与调整转型期、改革发展期三个阶段, 首次较为全面系统地梳理了我国科技档案工作的起源、发展与变革过程, 总结了我国科技档案事业在不同历史阶段的发展经验。主要内容包括: 我国科技档案事业的发展历史 ; 我国科技档案工作的现存问题 ; 西方国家科技档案管理的经验借鉴等。
410  0 @12001 @a博士生导师学术文库
606 0  @a技术档案@Aji shu dang an@x档案管理@x研究
690    @aG275.3@v5
701  0 @a张斌,@Azhang bin@f1967-@4著
801  0 @aCN@bAHXH@c20221111
905    @b1367410-2@dG275.3@e250@f3
    
    科技档案工作体系研究/张斌等著.-北京:光明日报出版社,2021.12
    262页:图;24cm.-(博士生导师学术文库)
    本书受到中国人民大学2021年度“中央高校建设世界一流大学 (学科) 和特色发展引导专项资金”支持
    
    ISBN 978-7-5194-6278-9(精装):CNY95.00
    本书从创建期、恢复整顿与调整转型期、改革发展期三个阶段, 首次较为全面系统地梳理了我国科技档案工作的起源、发展与变革过程, 总结了我国科技档案事业在不同历史阶段的发展经验。主要内容包括: 我国科技档案事业的发展历史 ; 我国科技档案工作的现存问题 ; 西方国家科技档案管理的经验借鉴等。
●
相关链接 在E读中查询图书 在五车中查询图书 在当当中查询图书 在豆瓣中查询图书


正题名:科技档案工作体系研究     索取号:G275.3/250         预约/预借

序号 登录号 条形码 馆藏地/架位号 状态 备注
1 1367410   213674102   第一样本阅览室/ [索取号:G275.3/250] 在馆    
2 1367411   213674111   第四借阅区/ [索取号:G275.3/250] 在馆    
3 1367412   213674120   第四借阅区/ [索取号:G275.3/250] 在馆    
唐山师范学院图书馆 欢迎您!
大连网信软件有限公司© 版权所有